La Función pública en Inglaterra / Gregorio Laso Vallejo
Publicado:
[Madrid] :
Publicaciones del Centro de Formación y Perfeccionamiento de Funcionarios ,
1965
Descripción Física:
403 p. ; 22 cm
Colección:
Estudios administrativos ; 4
MARC
| LEADER | 00000nam a2200000Ia 4500 | ||
|---|---|---|---|
| 001 | 13830 | ||
| 008 | 160829s1965 xx 000 0 cat d | ||
| 080 | |a M-4-44 | ||
| 100 | |a Laso Vallejo, Gregorio |9 24959 | ||
| 245 | |a La Función pública en Inglaterra / Gregorio Laso Vallejo | ||
| 260 | |a [Madrid] : |b Publicaciones del Centro de Formación y Perfeccionamiento de Funcionarios, |c 1965 | ||
| 300 | |a 403 p. ; |c 22 cm | ||
| 490 | |a Estudios administrativos ; 4 | ||
| 590 | |a Notes. | ||
| 590 | |a Bibliografia | ||
| 650 | |a Funció pública |x Anglaterra |9 24960 | ||
| 650 | |a Anglaterra |x Funcionaris i empleats |9 24961 | ||
| 710 | 2 | |a Centro de Formación y Perfeccionamiento de Funcionarios (Alcalá de Henares, Madrid) |9 54841 | |
| 901 | |a Arxiu | ||
| 942 | |n 1 | ||
| 952 | |0 0 |1 0 |4 0 |6 M444 |7 1 |9 43391 |a Arxiu |b Arxiu |d 2016-12-01 |l 0 |o M-4-44 |p 13830 |r 2016-12-01 00:00:00 |w 2016-12-01 |y ARXIU | ||
| 999 | |c 45936 |d 45936 | ||